Kastélyok, mint az állami vagyon részei és az uniós forrásból támogatott turisztikai projektek

Bibliográfiai részletek
Szerző: Kopcsik Dominika
További közreműködők: Kruppa Dr. Éva
Dokumentumtípus: Záródolgozat
Kulcsszavak:MNV Zrt.
Turizmus
Európai Uniós támogatások
Kastély
Online Access:http://dolgozattar.uni-bge.hu/15498

MARC

LEADER 00000nta a2200000 i 4500
001 dolg15498
005 20200420053622.0
008 180507suuuu hu o 000 hun d
040 |a BGE Dolgozattár Repozitórium  |b hun 
041 |a hu 
100 1 |a Kopcsik Dominika 
245 1 0 |a Kastélyok, mint az állami vagyon részei és az uniós forrásból támogatott turisztikai projektek  |c Kopcsik Dominika  |h [elektronikus dokumentum] 
516 |a Final_paper 
695 |a MNV Zrt. 
695 |a Turizmus 
695 |a Európai Uniós támogatások 
695 |a Kastély 
700 1 |a Kruppa Dr. Éva  |e ths 
856 4 0 |u http://dolgozattar.uni-bge.hu/15498/1/Z%C3%A1r%C3%B3dolgozat%20-%20Kopcsik%20Dominika%20-%20FOSZK.pdf  |z Dokumentum-elérés